[Event "CAMPEONATO DE ESPAÑA ABSOLUTO"]
[Site "EL SAUZAL - TENERIFE - ISLAS CANARIAS"]
[Date "2010.09.04"]
[Round "1"]
[Board "28"]
[White "Sanchez Aller, Fernando"]
[Black "Bernad Millan, Ignacio"]
[Result "1-0"]
[WhiteElo "2323"]
[BlackElo "1854"]
[PlyCount "57"]
[EventDate "2010.09.04"]
[EventRounds "9"]
[EventCountry "ESP"]

1.e4 c6 2.d4 d5 3.Nd2 dxe4 4.Nxe4 Bf5 5.Ng3 Bg6 6.Nf3 Nd7 7.h4 h6 8.h5 Bh7 9.Bd3
Bxd3 10.Qxd3 Ngf6 11.Bf4 Qa5+ 12.c3 e6 13.Ne5 Nxe5 14.dxe5 Rd8 15.Qe2 Nd5 16.Bd2
Qc7 17.O-O-O b5 18.f4 Be7 19.f5 Bg5 20.Bxg5 hxg5 21.fxe6 fxe6 22.Rhf1 Nf4 23.Qe4
O-O 24.Ne2 Nxe2+ 25.Qxe2 Rxf1 26.Rxf1 Rd5 27.h6 gxh6 28.Qh5 Qxe5 29.Qe8+ 1-0

[Event "CAMPEONATO DE ESPAÑA ABSOLUTO"]
[Site "EL SAUZAL - TENERIFE - ISLAS CANARIAS"]
[Date "2010.09.04"]
[Round "1"]
[Board "29"]
[White "Gonzalez Cruz, Steven"]
[Black "Villavicencio Martinez, Adalber"]
[Result "0-1"]
[WhiteElo "1831"]
[BlackElo "2317"]
[PlyCount "73"]
[EventDate "2010.09.04"]
[EventRounds "9"]
[EventCountry "ESP"]

1.e4 c5 2.d3 Nc6 3.Nf3 g6 4.g3 Bg7 5.Bg2 Nf6 6.O-O d5 7.Nbd2 O-O 8.exd5 Nxd5
9.Re1 b6 10.Nc4 Bb7 11.a4 Qc7 12.c3 Rad8 13.Qc2 Rd7 14.Bd2 Rfd8 15.Bh3 e6 16.Bg5
Re8 17.Bg2 h6 18.Bd2 Red8 19.Rad1 e5 20.Qc1 Kh7 21.Qc2 Nde7 22.Bc1 Ba6 23.b3 Nd5
24.Bb2 Bb7 25.h4 h5 26.Ng5+ Kg8 27.Ne3 Nxe3 28.Rxe3 Ne7 29.Ne4 Qc6 30.f3 Nf5
31.Ree1 Ba6 32.Bf1 Qc7 33.Bc1 f6 34.Kh2 Rd5 35.Qe2 Bxd3 36.Qf2 Bxf1 37.Qxf1 0-1

[Event "CAMPEONATO DE ESPAÑA ABSOLUTO"]
[Site "EL SAUZAL - TENERIFE - ISLAS CANARIAS"]
[Date "2010.09.04"]
[Round "1"]
[Board "30"]
[White "Perez Felipe, Marcos Adrian"]
[Black "Perez Celis, Alba"]
[Result "1-0"]
[WhiteElo "2308"]
[BlackElo "1819"]
[PlyCount "69"]
[EventDate "2010.09.04"]
[EventRounds "9"]
[EventCountry "ESP"]

1.d4 d5 2.c4 e6 3.Nc3 Nf6 4.cxd5 exd5 5.Bg5 Be7 6.e3 O-O 7.Qc2 h6 8.Bh4 c6 9.Bd3
Re8 10.Nge2 Ne4 11.Bxe7 Qxe7 12.Bxe4 dxe4 13.Ng3 f5 14.O-O Na6 15.a3 Be6 16.f3
Qg5 17.Rae1 exf3 18.Rxf3 g6 19.e4 Nc7 20.Ref1 Qf6 21.Qd2 Rf8 22.d5 cxd5 23.exf5
gxf5 24.Nh5 Qh8 25.Rg3+ Kf7 26.Rg7+ Qxg7 27.Nxg7 Kxg7 28.Qf4 Ne8 29.Re1 Rf6
30.Nb5 Rd8 31.Nd4 Kf7 32.Nxe6 Rxe6 33.Qxf5+ Rf6 34.Qh5+ Kf8 35.Qe5 1-0

[Event "CAMPEONATO DE ESPAÑA ABSOLUTO"]
[Site "EL SAUZAL - TENERIFE - ISLAS CANARIAS"]
[Date "2010.09.04"]
[Round "1"]
[Board "31"]
[White "Ramirez Medina, Victor"]
[Black "Espineira Gonzalez, Diego"]
[Result "0-1"]
[WhiteElo "1816"]
[BlackElo "2305"]
[PlyCount "40"]
[EventDate "2010.09.04"]
[EventRounds "9"]
[EventCountry "ESP"]

1.e4 c5 2.Nf3 e6 3.d4 cxd4 4.Nxd4 a6 5.c4 Nf6 6.Nc3 Qc7 7.a3 Be7 8.Be3 d6 9.Be2
Nbd7 10.O-O O-O 11.Rc1 b6 12.b4 Bb7 13.f3 Rac8 14.Kh1 Qb8 15.Nb3 Rfe8 16.Qd4 d5
17.cxd5 exd5 18.exd5 Rxc3 19.Qxc3 Nxd5 20.Qd2 Nxe3 0-1

[Event "CAMPEONATO DE ESPAÑA ABSOLUTO"]
[Site "EL SAUZAL - TENERIFE - ISLAS CANARIAS"]
[Date "2010.09.04"]
[Round "1"]
[Board "32"]
[White "Farran Martos, Francesc X"]
[Black "Perez Castellano, Susana"]
[Result "1-0"]
[WhiteElo "2287"]
[BlackElo "1799"]
[PlyCount "55"]
[EventDate "2010.09.04"]
[EventRounds "9"]
[EventCountry "ESP"]

1.e4 e5 2.d4 exd4 3.Qxd4 Nc6 4.Qe3 d6 5.Nc3 Be6 6.Bd2 Qd7 7.f4 O-O-O 8.Nf3 d5
9.exd5 Bxd5 10.O-O-O Nf6 11.Bb5 Kb8 12.Ne5 Qe8 13.Nxd5 Nxd5 14.Nxc6+ Qxc6
15.Bxc6 Nxe3 16.Bxe3 Rxd1+ 17.Rxd1 bxc6 18.Rd8+ Kb7 19.Kd1 h6 20.Bc5 Bxc5
21.Rxh8 Be3 22.g3 Bg1 23.Ke2 Bd4 24.c3 Bc5 25.Rg8 g6 26.Rg7 a5 27.Rxf7 a4 28.Rf6
 1-0

[Event "CAMPEONATO DE ESPAÑA ABSOLUTO"]
[Site "EL SAUZAL - TENERIFE - ISLAS CANARIAS"]
[Date "2010.09.04"]
[Round "1"]
[Board "33"]
[White "Padilla Mendez, Vicente"]
[Black "Hernandez Leon, Alberto"]
[Result "0-1"]
[WhiteElo "1792"]
[BlackElo "2287"]
[PlyCount "80"]
[EventDate "2010.09.04"]
[EventRounds "9"]
[EventCountry "ESP"]

1.d4 c5 2.d5 g6 3.c4 Bg7 4.Nc3 Bxc3+ 5.bxc3 f5 6.Nf3 Nf6 7.Bh6 Qa5 8.Qc2 Ne4
9.Rc1 d6 10.Nd2 Nxd2 11.Qxd2 Nd7 12.e3 Nb6 13.Bd3 Qa4 14.Qe2 Bd7 15.O-O O-O-O
16.Rfd1 e6 17.Qc2 Qxc2 18.Rxc2 exd5 19.cxd5 Ba4 20.Rdd2 Bxc2 21.Bxc2 Rde8 22.Kf1
Rhg8 23.Bf4 Kc7 24.Bd3 g5 25.Bg3 Rgf8 26.c4 Nd7 27.Rb2 f4 28.exf4 gxf4 29.Bh4
Ne5 30.Be2 f3 31.gxf3 Nxf3 32.Bg3 Re4 33.Kg2 Nh4+ 34.Kh3 Ng6 35.Bd3 Nf4+ 36.Bxf4
Rexf4 37.Bxh7 Rxf2 38.Rxf2 Rxf2 39.Kg3 Rxa2 40.h4 Kd7 0-1

[Event "CAMPEONATO DE ESPAÑA ABSOLUTO"]
[Site "EL SAUZAL - TENERIFE - ISLAS CANARIAS"]
[Date "2010.09.04"]
[Round "1"]
[Board "34"]
[White "Bajo Gutierrez, Ignacio"]
[Black "Marrero Cardenes, Agustin"]
[Result "1-0"]
[WhiteElo "2271"]
[BlackElo "1787"]
[PlyCount "61"]
[EventDate "2010.09.04"]
[EventRounds "9"]
[EventCountry "ESP"]

1.d4 Nf6 2.c4 g6 3.g3 c6 4.Nc3 Bg7 5.Bg2 d5 6.Nf3 Bf5 7.O-O O-O 8.Qb3 dxc4
9.Qxb7 Qb6 10.Qxb6 axb6 11.Ne5 Bd7 12.Nxc4 b5 13.Ne5 Ra7 14.Bg5 h6 15.Bxf6 Bxf6
16.Nxd7 Rxd7 17.e3 e5 18.d5 cxd5 19.Nxd5 Bg7 20.Rac1 Rfd8 21.Rc5 Ra7 22.a3 Ra5
23.Rcc1 Nd7 24.Rc7 e4 25.Ne7+ Kf8 26.Nc6 Raa8 27.Nxd8 Rxd8 28.Rd1 Ke8 29.Bxe4
Ne5 30.Rxd8+ Kxd8 31.Rb7 1-0

[Event "CAMPEONATO DE ESPAÑA ABSOLUTO"]
[Site "EL SAUZAL - TENERIFE - ISLAS CANARIAS"]
[Date "2010.09.04"]
[Round "1"]
[Board "36"]
[White "Fernandez Garcia, Jose Miguel"]
[Black "De La Rubia Ramirez, Dulce N"]
[Result "1-0"]
[WhiteElo "2237"]
[BlackElo "1774"]
[PlyCount "63"]
[EventDate "2010.09.04"]
[EventRounds "9"]
[EventCountry "ESP"]

1.e4 e6 2.d3 d5 3.Nd2 Nf6 4.Ngf3 Be7 5.g3 O-O 6.Bg2 c5 7.O-O Nc6 8.Re1 Bd7 9.e5
Ne8 10.Nf1 f6 11.Bf4 fxe5 12.Nxe5 Nxe5 13.Bxe5 Bf6 14.Qg4 Bxe5 15.Rxe5 Qf6 16.f4
Nc7 17.Rae1 Rae8 18.h4 b6 19.Ne3 Qf7 20.Bh3 b5 21.c4 d4 22.Nf1 bxc4 23.dxc4 Qe7
24.Nd2 Rf6 25.h5 Bc6 26.Nb3 d3 27.Qd1 Qd6 28.Qd2 Bf3 29.R1e3 Bxh5 30.Rxh5 Rg6
31.Rxd3 Qf8 32.Kh2 1-0

[Event "CAMPEONATO DE ESPAÑA ABSOLUTO"]
[Site "EL SAUZAL - TENERIFE - ISLAS CANARIAS"]
[Date "2010.09.04"]
[Round "1"]
[Board "37"]
[White "Monzon Aleman, Ayoze"]
[Black "Senlle Caride, Miguel"]
[Result "0-1"]
[WhiteElo "1750"]
[BlackElo "2235"]
[PlyCount "54"]
[EventDate "2010.09.04"]
[EventRounds "9"]
[EventCountry "ESP"]

1.e4 c5 2.Nf3 e6 3.d4 cxd4 4.Nxd4 a6 5.Bd3 Qc7 6.Be3 Nf6 7.Nd2 d5 8.O-O Nbd7
9.f4 dxe4 10.Nxe4 Nxe4 11.Bxe4 Nf6 12.Bf3 Bd6 13.Qd2 e5 14.fxe5 Bxe5 15.g3 Bh3
16.Rf2 h5 17.Re1 O-O-O 18.c3 Ng4 19.Bxg4+ Bxg4 20.Bf4 f6 21.Qc2 Rhe8 22.Qg6 Bxd4
23.Bxc7 Rxe1+ 24.Kg2 Bxf2 25.Bxd8 Bc5 26.h3 Bd7 27.Ba5 Bc6+ 0-1

[Event "CAMPEONATO DE ESPAÑA ABSOLUTO"]
[Site "EL SAUZAL - TENERIFE - ISLAS CANARIAS"]
[Date "2010.09.04"]
[Round "1"]
[Board "38"]
[White "Vega Gutierrez, Belinda"]
[Black "Capote Robayna, Johanna"]
[Result "1-0"]
[WhiteElo "2233"]
[BlackElo "1740"]
[PlyCount "57"]
[EventDate "2010.09.04"]
[EventRounds "9"]
[EventCountry "ESP"]

1.e4 c5 2.Nf3 Nc6 3.d4 cxd4 4.Nxd4 g6 5.Nc3 Bg7 6.Nb3 Nf6 7.Bc4 O-O 8.O-O a6
9.a4 d6 10.Re1 b6 11.Nd5 Ne5 12.Bf1 Nfd7 13.Bg5 Nc6 14.c3 h6 15.Bh4 Bb7 16.Nd4
g5 17.Nf5 Nde5 18.f4 e6 19.Nxd6 exd5 20.Nxb7 Qd7 21.exd5 Ne7 22.fxe5 Qxb7 23.Bg3
Nxd5 24.Qf3 Rab8 25.Rad1 Ne7 26.Qxb7 Rxb7 27.Bxa6 Rc7 28.Bb5 Ng6 29.e6 1-0

[Event "CAMPEONATO DE ESPAÑA ABSOLUTO"]
[Site "EL SAUZAL - TENERIFE - ISLAS CANARIAS"]
[Date "2010.09.04"]
[Round "1"]
[Board "39"]
[White "Ruiz Delgado, Basilio"]
[Black "Gonzalez Garcia, Guillermo"]
[Result "0-1"]
[WhiteElo "1735"]
[BlackElo "2215"]
[PlyCount "42"]
[EventDate "2010.09.04"]
[EventRounds "9"]
[EventCountry "ESP"]

1.d4 Nf6 2.c4 e6 3.Nc3 Bb4 4.e3 b6 5.Bd3 Bb7 6.f3 c5 7.a3 Bxc3+ 8.bxc3 d6 9.Ne2
Nc6 10.O-O Na5 11.e4 Qd7 12.e5 dxe5 13.dxe5 Ng8 14.Qc2 Ne7 15.Bg5 Bc6 16.a4 Rd8
17.Rfd1 h6 18.Bxe7 Qxe7 19.Ng3 Qg5 20.f4 Qxf4 21.Rf1 Qe3+ 0-1

[Event "CAMPEONATO DE ESPAÑA ABSOLUTO"]
[Site "EL SAUZAL - TENERIFE - ISLAS CANARIAS"]
[Date "2010.09.04"]
[Round "1"]
[Board "40"]
[White "Ladron De Guevara Pinto, Paolo"]
[Black "Medina Sanchez, Gines"]
[Result "1-0"]
[WhiteElo "2215"]
[BlackElo "1724"]
[PlyCount "95"]
[EventDate "2010.09.04"]
[EventRounds "9"]
[EventCountry "ESP"]

1.d4 d5 2.b3 Bf5 3.Nf3 Nf6 4.e3 e6 5.Bb2 Be7 6.Be2 Nbd7 7.O-O O-O 8.Nbd2 c6 9.c4
Rc8 10.c5 b5 11.a4 a6 12.Ne1 Qc7 13.f4 h6 14.Kh1 Be4 15.Bf3 Bxf3 16.Qxf3 Nh7
17.Nd3 f5 18.Ra2 Nhf6 19.Rfa1 Ne4 20.Qe2 Bf6 21.axb5 axb5 22.Ra7 Qd8 23.Nxe4
dxe4 24.Nb4 Nb8 25.Bc3 Rc7 26.Ra8 Qd7 27.R1a3 Rfc8 28.Qa2 Kh7 29.Nc2 Rb7 30.Kg1
Qe8 31.R3a7 Rxa7 32.Rxa7 Qd8 33.Ba5 Qe8 34.h3 Bd8 35.Bc3 Bf6 36.Qa1 Rd8 37.d5
Bxc3 38.Qxc3 Rd7 39.Rxd7 Qxd7 40.d6 Kg8 41.Qa5 Kf8 42.Qc7 Qe8 43.Nd4 Nd7 44.Qxc6
b4 45.Qb5 e5 46.fxe5 Nxe5 47.c6 Nd3 48.d7 1-0

[Event "CAMPEONATO DE ESPAÑA ABSOLUTO"]
[Site "EL SAUZAL - TENERIFE - ISLAS CANARIAS"]
[Date "2010.09.04"]
[Round "1"]
[Board "41"]
[White "Perez Barreto, Adrian"]
[Black "Pinto Henriquez, Rodrigo"]
[Result "0-1"]
[WhiteElo "1718"]
[BlackElo "2214"]
[PlyCount "80"]
[EventDate "2010.09.04"]
[EventRounds "9"]
[EventCountry "ESP"]

1.d4 Nf6 2.c4 c5 3.d5 g6 4.Nc3 Bg7 5.e4 d6 6.h3 O-O 7.Nf3 Nbd7 8.Bf4 Qa5 9.Bd2
Qb6 10.Qc2 a6 11.Be2 Ne8 12.O-O Ne5 13.Bg5 Qc7 14.Nd2 f5 15.f3 f4 16.Nb3 h6
17.Bh4 Nf6 18.Nd1 Nh5 19.Bf2 Bd7 20.Nc1 Rf7 21.Nc3 Raf8 22.a3 Ng3 23.Bxg3 fxg3
24.Qd2 h5 25.Qg5 Qb6 26.Ra2 Kh7 27.Qxg3 Bh6 28.Qe1 g5 29.Qd1 g4 30.fxg4 Rxf1+
31.Bxf1 hxg4 32.h4 Qd8 33.Qe1 Qe8 34.b4 Qf7 35.Bd3 Bxc1 36.Qxc1 Nxd3 37.Qb1 Ne5
38.bxc5 dxc5 39.Re2 Qf4 40.Na2 Qg3 0-1

[Event "CAMPEONATO DE ESPAÑA ABSOLUTO"]
[Site "EL SAUZAL - TENERIFE - ISLAS CANARIAS"]
[Date "2010.09.04"]
[Round "1"]
[Board "42"]
[White "Morales Camacho, Julian"]
[Black "Jimenez Mendoza, Jose Miguel"]
[Result "1-0"]
[WhiteElo "2213"]
[BlackElo "1717"]
[PlyCount "85"]
[EventDate "2010.09.04"]
[EventRounds "9"]
[EventCountry "ESP"]

1.c4 Nf6 2.e3 e6 3.Nf3 d5 4.b3 dxc4 5.bxc4 c5 6.Bb2 Be7 7.Be2 b6 8.Ne5 Bb7
9.Qa4+ Nfd7 10.O-O O-O 11.f4 Nxe5 12.fxe5 Qd7 13.Qc2 Nc6 14.a3 Rad8 15.Bf3 Qd3
16.Qxd3 Rxd3 17.Bc3 Rfd8 18.a4 Na5 19.Bxa5 Bxf3 20.Bxb6 axb6 21.gxf3 Rb3 22.a5
Rb4 23.Rc1 bxa5 24.Rxa5 Rb7 25.Rb5 Ra7 26.Kf1 g5 27.Ke2 Ra4 28.Rc3 Kg7 29.Rb7
Kf8 30.Kd1 h5 31.h3 Rda8 32.d3 Ra2 33.Rc2 Rxc2 34.Kxc2 Ra2+ 35.Rb2 Ra7 36.Nc3 f5
37.exf6 Bxf6 38.Ra2 Rb7 39.Nb5 Ke7 40.d4 cxd4 41.exd4 Kd7 42.Kd3 Kc6 43.Ra6+ 1-0

[Event "CAMPEONATO DE ESPAÑA ABSOLUTO"]
[Site "EL SAUZAL - TENERIFE - ISLAS CANARIAS"]
[Date "2010.09.04"]
[Round "1"]
[Board "43"]
[White "Perez Martin, Nicanor"]
[Black "Meneses Gonzalez, Kevin Moises"]
[Result "0-1"]
[WhiteElo "1576"]
[BlackElo "2195"]
[PlyCount "72"]
[EventDate "2010.09.04"]
[EventRounds "9"]
[EventCountry "ESP"]

1.d4 Nf6 2.c4 g6 3.g3 Bg7 4.Bg2 O-O 5.Nf3 d6 6.Nc3 Nbd7 7.O-O e5 8.d5 Nc5 9.Nd2
a5 10.Qc2 Nh5 11.e4 f5 12.a3 a4 13.Rb1 Nf6 14.Re1 Qe7 15.b4 axb3 16.Nxb3 Ncxe4
17.Nxe4 Nxe4 18.Bxe4 fxe4 19.Nd2 Bh6 20.Rb3 e3 21.fxe3 Bh3 22.Ne4 b6 23.Nf2 Bd7
24.Rb2 Rf3 25.Qe4 Rf7 26.Ng4 Bg7 27.Nf2 Raf8 28.Rf1 Bf5 29.Qg2 Bd3 30.Re1 Bxc4
31.e4 Bf6 32.Bh6 Ra8 33.Re3 Bg5 34.Bxg5 Qxg5 35.Rc3 Rxa3 36.Rxc4 Ra1+ 0-1

[Event "CAMPEONATO DE ESPAÑA ABSOLUTO"]
[Site "EL SAUZAL - TENERIFE - ISLAS CANARIAS"]
[Date "2010.09.04"]
[Round "1"]
[Board "44"]
[White "Zamarbide Inarrea, Daniel"]
[Black "Gonzalez Garcia, Zoilo"]
[Result "1-0"]
[WhiteElo "2197"]
[BlackElo "1572"]
[PlyCount "60"]
[EventDate "2010.09.04"]
[EventRounds "9"]
[EventCountry "ESP"]

1.e4 c6 2.Nf3 d5 3.Nc3 Bg4 4.h3 Bxf3 5.Qxf3 e6 6.g3 Nf6 7.Bg2 Nbd7 8.O-O Bd6
9.d4 dxe4 10.Nxe4 Nxe4 11.Qxe4 Nf6 12.Qe2 O-O 13.b3 Nd5 14.Bb2 Qa5 15.c4 Nf6
16.Rfd1 Ba3 17.Rab1 Bxb2 18.Qxb2 Rfd8 19.b4 Qc7 20.b5 Rd7 21.bxc6 bxc6 22.Qa3
Rad8 23.Qc5 e5 24.Bxc6 Rxd4 25.Rxd4 exd4 26.Rb7 Ne4 27.Qxd4 Rxd4 28.Rxc7 g6
29.Bd5 Nc3 30.Bxf7+ Kf8 1-0

[Event "CAMPEONATO DE ESPAÑA ABSOLUTO"]
[Site "EL SAUZAL - TENERIFE - ISLAS CANARIAS"]
[Date "2010.09.04"]
[Round "1"]
[Board "45"]
[White "Quiza Vazquez, Carolina"]
[Black "Gutierrez Olivares, Daniel"]
[Result "0-1"]
[WhiteElo "1567"]
[BlackElo "2175"]
[PlyCount "60"]
[EventDate "2010.09.04"]
[EventRounds "9"]
[EventCountry "ESP"]

1.d4 Nf6 2.Nf3 e6 3.c4 b6 4.Nc3 Bb4 5.e3 Ne4 6.Qc2 Bb7 7.a3 Bxc3+ 8.bxc3 f5 9.h4
c5 10.Bd3 O-O 11.a4 Nc6 12.O-O Na5 13.Ba3 Rc8 14.Rab1 Nd6 15.Ne5 Qxh4 16.Nxd7
Bxg2 17.Kxg2 Qg5+ 18.Kh1 Qh5+ 19.Kg2 Qg4+ 20.Kh2 Qh5+ 21.Kg2 Qg5+ 22.Kh2 Rf7
23.Rg1 Qh5+ 24.Kg2 Rxd7 25.Rh1 Qg4+ 26.Kf1 Qf3 27.Rh2 Naxc4 28.Bc1 g6 29.Be2 Qd5
30.Rh3 e5 0-1

[Event "CAMPEONATO DE ESPAÑA ABSOLUTO"]
[Site "EL SAUZAL - TENERIFE - ISLAS CANARIAS"]
[Date "2010.09.04"]
[Round "1"]
[Board "47"]
[White "Febles Dominguez, Alfonso Jesus"]
[Black "Aranaz Murillo, Amalia"]
[Result "0-1"]
[WhiteElo "1488"]
[BlackElo "2154"]
[PlyCount "54"]
[EventDate "2010.09.04"]
[EventRounds "9"]
[EventCountry "ESP"]

1.e4 c6 2.Nc3 d5 3.d4 dxe4 4.Nxe4 Bf5 5.Ng3 Bg6 6.Nf3 Nd7 7.Be3 e6 8.a3 Ngf6
9.Nh4 Bd6 10.Nxg6 hxg6 11.Bg5 Qc7 12.Qd2 Nd5 13.Qd3 Nf4 14.Qf3 Qa5+ 15.Qc3 Qxg5
16.Qe3 Qa5+ 17.Qc3 Qxc3+ 18.bxc3 Nd5 19.Ne4 Be7 20.c4 N5f6 21.f3 c5 22.Rd1 Nxe4
23.fxe4 cxd4 24.Bd3 Bxa3 25.O-O Bd6 26.g3 Ne5 27.Kg2 Ng4 0-1

[Event "CAMPEONATO DE ESPAÑA ABSOLUTO"]
[Site "EL SAUZAL - TENERIFE - ISLAS CANARIAS"]
[Date "2010.09.04"]
[Round "1"]
[Board "48"]
[White "Herrera Reyes, Jose Antonio"]
[Black "Rodriguez Govea, Elizabeth"]
[Result "1-0"]
[WhiteElo "2145"]
[BlackElo "1479"]
[PlyCount "67"]
[EventDate "2010.09.04"]
[EventRounds "9"]
[EventCountry "ESP"]

1.e4 e5 2.Nf3 Nc6 3.Bc4 Nf6 4.d3 Be7 5.c3 O-O 6.O-O d6 7.h3 Be6 8.Bb5 h6 9.Be3
a6 10.Ba4 b5 11.Bc2 d5 12.Nbd2 Rb8 13.Re1 d4 14.cxd4 exd4 15.Bf4 Bc5 16.Nf1 Ne7
17.Ng3 Bb4 18.Bd2 Bxd2 19.Qxd2 c5 20.Ne5 Nd7 21.Nf3 Ng6 22.b4 Nde5 23.Nxe5 Nxe5
24.f4 Nc6 25.bxc5 Qe7 26.f5 Bd7 27.Bb3 Qxc5 28.e5 Nxe5 29.Ne4 Qa7 30.f6 Ng6
31.Qf2 Qb6 32.Qg3 gxf6 33.Qxg6+ Kh8 34.Qxh6+ 1-0

[Event "CAMPEONATO DE ESPAÑA ABSOLUTO"]
[Site "EL SAUZAL - TENERIFE - ISLAS CANARIAS"]
[Date "2010.09.04"]
[Round "1"]
[Board "49"]
[White "Abreu Perez, Abigail"]
[Black "Saenz Narciso, Miguel Angel"]
[Result "0-1"]
[WhiteElo "1395"]
[BlackElo "2143"]
[PlyCount "76"]
[EventDate "2010.09.04"]
[EventRounds "9"]
[EventCountry "ESP"]

1.e4 c5 2.Nf3 Nc6 3.d4 cxd4 4.Nxd4 g6 5.Nc3 Bg7 6.Be3 Nf6 7.Bc4 O-O 8.O-O d6
9.Qd2 Ng4 10.Nde2 Nxe3 11.Qxe3 Bd7 12.f4 Rc8 13.Rad1 a6 14.a3 Na5 15.Ba2 Nc4
16.Bxc4 Rxc4 17.Kh1 Qa5 18.e5 Bf5 19.Rd5 Qc7 20.exd6 exd6 21.Rd2 Qc5 22.Qxc5
dxc5 23.Rf3 Bg4 24.Re3 Bxe2 25.Rdxe2 Rxf4 26.Kg1 Bd4 27.g3 Rf3 28.Nd1 Re8 29.Kg2
Rfxe3 30.Nxe3 Rxe3 31.Rxe3 Bxe3 32.b3 f5 33.Kf3 Bc1 34.a4 Kf7 35.Ke2 Ke6 36.Kd3
b5 37.c3 Ke5 38.a5 g5 0-1

[Event "CAMPEONATO DE ESPAÑA ABSOLUTO"]
[Site "EL SAUZAL - TENERIFE - ISLAS CANARIAS"]
[Date "2010.09.04"]
[Round "1"]
[Board "50"]
[White "Hidalgo Santana, Fernando"]
[Black "Granja Fuentes, Jorge"]
[Result "1-0"]
[WhiteElo "2127"]
[BlackElo "1826"]
[PlyCount "63"]
[EventDate "2010.09.04"]
[EventRounds "9"]
[EventCountry "ESP"]

1.e4 c5 2.c3 d5 3.exd5 Qxd5 4.d4 Nc6 5.Nf3 Bg4 6.Be2 e6 7.O-O Nf6 8.Be3 Be7
9.dxc5 O-O 10.h3 Bh5 11.b4 Qxd1 12.Rxd1 Nd5 13.g4 Bg6 14.Bd2 Bf6 15.g5 Be7 16.a3
Rad8 17.c4 Nc7 18.Bf4 Na8 19.Nc3 a6 20.Bd6 Bxd6 21.Rxd6 Rxd6 22.cxd6 Rd8 23.c5
Bf5 24.Kg2 f6 25.Rd1 Kf7 26.Kg3 h6 27.gxh6 gxh6 28.Nd4 Rg8+ 29.Kh2 Nxd4 30.Rxd4
Rd8 31.Bf3 Rb8 32.Bxb7 1-0

[Event "CAMPEONATO DE ESPAÑA ABSOLUTO"]
[Site "EL SAUZAL - TENERIFE - ISLAS CANARIAS"]
[Date "2010.09.04"]
[Round "1"]
[Board "56"]
[White "Garcia Lorenzo, Jaime"]
[Black "Hernandez Leon, Sergio"]
[Result "0-1"]
[WhiteElo "1319"]
[BlackElo "2133"]
[PlyCount "60"]
[EventDate "2010.09.04"]
[EventRounds "9"]
[EventCountry "ESP"]

1.e4 c5 2.Nf3 e6 3.d4 cxd4 4.Nxd4 a6 5.Nc3 Qc7 6.Bd3 Nf6 7.Bd2 Be7 8.Qe2 d6
9.Nf3 Nbd7 10.h3 b5 11.a3 Bb7 12.Bg5 Rc8 13.O-O O-O 14.Rac1 h6 15.Bf4 e5 16.Bd2
Rfe8 17.Nh4 Bf8 18.Nf5 d5 19.Qf3 dxe4 20.Nxe4 Nxe4 21.Nxh6+ gxh6 22.Qg4+ Kh8
23.Be3 Qc6 24.f3 Bc5 25.Rce1 Bxe3+ 26.Rxe3 Qb6 27.fxe4 Qxe3+ 28.Kh2 Rg8 29.Qf3
Qxf3 30.Rxf3 Rg7 0-1

[Event "CAMPEONATO DE ESPAÑA ABSOLUTO"]
[Site "EL SAUZAL - TENERIFE - ISLAS CANARIAS"]
[Date "2010.09.04"]
[Round "1"]
[Board "57"]
[White "Camino Carrio, Nicanor"]
[Black "Dos-Reis Cabrera, Jose Manuel"]
[Result "1-0"]
[WhiteElo "2137"]
[BlackElo "1360"]
[PlyCount "74"]
[EventDate "2010.09.04"]
[EventRounds "9"]
[EventCountry "ESP"]

1.e4 e5 2.Nf3 d6 3.d4 Qe7 4.Nc3 c6 5.h3 g6 6.Bc4 Be6 7.d5 Bd7 8.O-O Bg7 9.Be3
Nf6 10.a4 a5 11.Qd2 O-O 12.Bg5 Na6 13.Rad1 c5 14.Nh2 Nc7 15.f4 exf4 16.Qxf4 Qe5
17.Qxe5 dxe5 18.Bxf6 Bxf6 19.Rxf6 Ne8 20.Rb6 Ra7 21.Nf3 f6 22.Nb5 Bxb5 23.axb5
Kh8 24.d6 Ng7 25.d7 Rd8 26.Rxf6 Nh5 27.Rf7 b6 28.Ng5 Kg8 29.Rxh7+ Kf8 30.Ne6+
Kg8 31.Nxd8+ Kxh7 32.Nc6 Ra8 33.d8=Q Rxd8 34.Rxd8 Nf6 35.Nxe5 Nxe4 36.Rd7+ Kh6
37.g4 Ng5 1-0

[Event "CAMPEONATO DE ESPAÑA ABSOLUTO"]
[Site "EL SAUZAL - TENERIFE - ISLAS CANARIAS"]
[Date "2010.09.05"]
[Round "2"]
[Board "1"]
[White "Vallejo Pons, Francisco"]
[Black "Perez Felipe, Marcos Adrian"]
[Result "1-0"]
[WhiteElo "2697"]
[BlackElo "2308"]
[PlyCount "37"]
[EventDate "2010.09.04"]
[EventRounds "9"]
[EventCountry "ESP"]

1.g3 c5 2.Bg2 Nc6 3.c4 e6 4.Nf3 Nf6 5.O-O Qc7 6.Nc3 a6 7.d4 cxd4 8.Nxd4 Be7 9.b3
O-O 10.Bb2 b6 11.Rc1 Bb7 12.Nd5 exd5 13.cxd5 Bc5 14.Nf5 Qd8 15.dxc6 dxc6 16.Qc2
Re8 17.Rcd1 Qc7 18.Nxg7 Re5 19.Nf5 1-0

[Event "CAMPEONATO DE ESPAÑA ABSOLUTO"]
[Site "EL SAUZAL - TENERIFE - ISLAS CANARIAS"]
[Date "2010.09.05"]
[Round "2"]
[Board "4"]
[White "Hernandez Leon, Alberto"]
[Black "Magem Badals, Jordi"]
[Result "0-1"]
[WhiteElo "2287"]
[BlackElo "2589"]
[PlyCount "64"]
[EventDate "2010.09.04"]
[EventRounds "9"]
[EventCountry "ESP"]

1.d4 d5 2.c4 c6 3.Nf3 Nf6 4.Nc3 e6 5.Bg5 h6 6.Bxf6 Qxf6 7.e3 g6 8.Bd3 Bg7 9.O-O
O-O 10.Rc1 Nd7 11.cxd5 exd5 12.b4 Qd6 13.Qb3 Nb6 14.a4 Be6 15.Nd2 Nd7 16.Rc2 a5
17.b5 c5 18.dxc5 Nxc5 19.Qa3 d4 20.exd4 Qxd4 21.Be4 Rac8 22.Rfc1 Rfd8 23.Ne2
Qxa4 24.Qxa4 Nxa4 25.Bxb7 Rxc2 26.Rxc2 Bf5 27.Ra2 Nc5 28.Bf3 Bb1 29.Rxa5 Rxd2
30.g3 Be4 31.Bxe4 Nxe4 32.b6 Rb2 0-1

[Event "CAMPEONATO DE ESPAÑA ABSOLUTO"]
[Site "EL SAUZAL - TENERIFE - ISLAS CANARIAS"]
[Date "2010.09.05"]
[Round "2"]
[Board "5"]
[White "Narciso Dublan, Marc"]
[Black "Bajo Gutierrez, Ignacio"]
[Result "1-0"]
[WhiteElo "2553"]
[BlackElo "2271"]
[PlyCount "97"]
[EventDate "2010.09.04"]
[EventRounds "9"]
[EventCountry "ESP"]

1.c4 e5 2.g3 Nf6 3.Bg2 d5 4.cxd5 Nxd5 5.Nf3 Nc6 6.O-O Nb6 7.d3 Be7 8.Nbd2 Be6
9.a3 a5 10.b3 f6 11.Bb2 O-O 12.Qc2 Qd7 13.Rfd1 Rfe8 14.Nc4 Nxc4 15.bxc4 Nd4
16.Nxd4 exd4 17.Bxb7 Rab8 18.Be4 Bc5 19.Bc1 a4 20.Rb1 g5 21.Re1 Bg4 22.Rxb8 Rxb8
23.e3 Kg7 24.exd4 Bxd4 25.c5 Rb3 26.Qc4 Bh3 27.c6 Qd6 28.Qxa4 Qc5 29.Qxb3 Bxf2+
30.Kh1 Bxe1 31.Qd1 Qf2 32.Qf3 Qxf3+ 33.Bxf3 Bc3 34.Be3 Kf7 35.Kg1 Be1 36.Bf2 Ba5
37.Bc5 Be1 38.Bb4 Bxb4 39.axb4 Bf5 40.Kf2 Bxd3 41.Ke3 Bf1 42.Kd4 Ke6 43.Kc5 f5
44.b5 g4 45.Bh1 Be2 46.b6 cxb6+ 47.Kxb6 Kd6 48.c7 Ba6 49.Bb7 1-0

[Event "CAMPEONATO DE ESPAÑA ABSOLUTO"]
[Site "EL SAUZAL - TENERIFE - ISLAS CANARIAS"]
[Date "2010.09.05"]
[Round "2"]
[Board "6"]
[White "Rodriguez Fontecha, Marcos"]
[Black "Arizmendi Martinez, Julen Luis"]
[Result "0-1"]
[WhiteElo "2253"]
[BlackElo "2551"]
[PlyCount "102"]
[EventDate "2010.09.04"]
[EventRounds "9"]
[EventCountry "ESP"]

1.d4 Nf6 2.Nf3 d5 3.Bf4 c5 4.c3 Qb6 5.Qb3 c4 6.Qc2 Nc6 7.Nbd2 Bg4 8.e3 e6 9.Be2
Be7 10.h3 Bf5 11.Qc1 O-O 12.Bd1 Rfc8 13.Bc2 Qd8 14.O-O b5 15.Re1 b4 16.e4 Bg6
17.Bg5 bxc3 18.bxc3 Qa5 19.exd5 exd5 20.Bxg6 hxg6 21.Ne5 Ba3 22.Qc2 Ne7 23.Rab1
Rab8 24.Bxf6 gxf6 25.Nd7 Rxb1 26.Nxb1 Kg7 27.Nxa3 Qxa3 28.Nc5 Nf5 29.Rb1 Re8
30.Qd2 Nd6 31.Rb4 Ne4 32.Nxe4 Rxe4 33.Kf1 Qa6 34.Rb1 Qe6 35.Rb5 a6 36.Rb1 Qf5
37.Rb6 Re7 38.Rb2 Qe6 39.Qd1 Qd6 40.Kg1 Qa3 41.Qd2 Re1+ 42.Kh2 Qd6+ 43.g3 Qe6
44.Qc2 a5 45.Kg2 a4 46.Qd2 a3 47.Rc2 Qe4+ 48.f3 Qe6 49.Qf2 Re3 50.h4 Qf5 51.Rc1
Qd3 0-1